LEADER 01406nam a2200301 i 4500 001 000000133864 003 CaOOAMICUS 005 20050117000000.0 008 050117s1979 it u000 u ita u 013 $a106885 040 $aSeMil$bita 100 1 $aMarrou, Henri-Irénée,$d<1904-1977>.$0(OLS)http://semarc/name/258 240 10$aDécadence romaine ou antiquité tardive? : 3.-6. siècle.$0(OLS)http://semarc/title/195863 245 10$aDecadenza romana o tarda antichità? :$b3.-4. secolo /$cHenri-Irénée Marrou. 250 $aPrima edizione italiana. 260 $aMilano :$bJaca Book,$c1979. 300 $a186 p. ;$c18 cm. 490 0 $aDi fronte e attraverso. Pocket ;$v39 500 $aContiene : Orientamento bibliografico. - Fondo Card. C.M. Martini. 650 4$aImpero romano d'Oriente <395-1453> - Storia - Sec. 6.$0(OLS)http://semarc/subject/26239 650 4$aImpero romano <27 a.C.-395> - Storia - Sec. 3.-6.$0(OLS)http://semarc/subject/26240 830 0$aDi fronte e attraverso. Pocket ;$v39.$0(OLS)http://semarc/title/14295 850 $aSeMil 852 $aSeMil$W1$xVenegono$y1$m3S I 152$j87660$B87660$CSeMilBibl$Z2$F91538 $81 941 1 $a4 961 $aOmaggio: Martini Card. Carlo Maria 996 $6245$aDecadenza romana o tarda antichità? :$b3.-4. secolo$9(OLS)http://semarc/title/195862 996 $6260$aMilano :$bJaca Book$9(OLS)http://semarc/publisher/29781 LEADER 01118nam a2200265 i 4500 001 000000115339 003 CaOOAMICUS 005 20030520000000.0 008 030520s2002 it u000 u ita u 013 $a88028 020 $a88-8065-204-4 040 $aSeMil$bita 100 1 $aPreziosi, Ernesto,$d<1955- >.$0(OLS)http://semarc/name/4597 245 10$aPiccola storia di una grande associazione :$bl'Azione Cattolica in Italia /$cErnesto Preziosi. 260 $aRoma :$bAVE,$c2002. 300 $a221 p. ;$c20 cm. 490 0 $aIl seme e l'aratro ;$v4 650 4$aAzione Cattolica Italiana - Storia.$0(OLS)http://semarc/subject/3491 830 3$aIl seme e l'aratro ;$v4.$0(OLS)http://semarc/title/12301 850 $aSeMil 852 $aSeMil$W1$xVenegono$y1$m3E I 82$j209868$B70867$CSeMilBibl$Z2$F94763 $81 961 $aOmaggio: Giudici Ecc. Giovanni 996 $6020$a88-8065-204-4$9(OLS)http://semarc/number/99092 996 $6245$aPiccola storia di una grande associazione :$bl'Azione Cattolica in Italia$9(OLS)http://semarc/title/168908 996 $6260$aRoma :$bAVE$9(OLS)http://semarc/publisher/30251